00606nam a2200217 a 4500001001300000003000900013005001700022008004100039020001000080082001500090100001300105245007900118260003200197300000900229500003500238505002000273650002600293650003700319650001900356700001300375nice12345678IN_TiNIC20260116013139.0050524s1980 lona grp 000 0 eng  ac66000a297.4bFRY aFry, D B aSufism and the Islamic Traditionb the Lamhat and Sataat of Shah Waliullah aLondonbOctagon Pressc1980 a127p aincludes index and biblioraphy2 aGlossary, Index aSufism-Shah Waliullah aLamhat and Sataat-Shah Waliullah aShah Waliullah1 aFry, D B